| 000 | 00832nam a2200265 a 4500 | ||
|---|---|---|---|
| 001 | BRCA_7594 | ||
| 005 | 20190320205914.0 | ||
| 008 | 210613s1912----it-a######---#000-0#ita-# | ||
| 041 | _aita | ||
| 044 | _ait | ||
| 050 | 4 |
_aND813.Z8 _b.F74 1912 |
|
| 100 | 1 |
_aFrenzi, Giulio de _918733 |
|
| 245 | 1 | 0 |
_aIgnacio Zuloaga _cGiulio de Frenzi. |
| 260 |
_aRoma _bG. Garzoni-Provenzani _c1912 |
||
| 300 |
_axix p. _bil., 118 láminas _c33 cm. |
||
| 500 | _aEn portada: autorretrato | ||
| 500 | _aIncluye índice de ilustraciones | ||
| 500 | _aEl gigante Francisco y su mujer (lamina 70), forma parte de la colección del Sr. Franz Mayer | ||
| 500 | _aS114 | ||
| 600 | 1 | 4 |
_aZuloaga Zabaleta, Ignacio _d1870-1945 _918734 |
| 650 | 1 | 4 |
_aPintores españoles _97620 |
| 650 | 1 | 4 |
_aPinturas españolas _97789 |
| 902 | _aGFM | ||
| 942 |
_2lcc _cB |
||
| 999 |
_c7268 _d7268 |
||